[Event "41st Guernsey International Open"]
[Site "Guernsey, GCI"]
[Date "2015.10.21"]
[Round "4"]
[White "Marley, Andrew SG"]
[Black "Fruteau, Sabine"]
[Result "0-1"]
[WhiteElo "1882"]
[BlackElo "2037"]
[PlyCount "70"]
[EventDate "2015.10.18"]
[EventType "swiss"]
[EventRounds "7"]

1. d4 Nf6 2. Nf3 e6 3. c4 d5 4. g3 c6 5. Bg2 Be7 6. O-O O-O 7. Qc2 dxc4 8. Qxc4
Nbd7 9. Nc3 Nb6 10. Qd3 Nfd5 11. e4 Nxc3 12. bxc3 c5 13. a4 Bd7 14. a5 Na4 15.
Ne5 Be8 16. Bd2 Qxa5 17. Rfb1 Qc7 18. Nc4 b5 19. Ne3 Rd8 20. d5 c4 21. Qc2 Nc5
22. f4 Nb3 23. Ra2 Bc5 24. Kh1 a5 25. e5 exd5 26. Nxd5 Qc8 27. Be3 Rxd5 28.
Bxd5 Bxe3 29. Qe4 Qc5 30. Re1 Nd2 31. Rxd2 Bxd2 32. Re2 Bxc3 33. e6 fxe6 34.
Qxe6+ Kh8 35. Qxe8 Qxd5+ 0-1

[Event "41st Guernsey International Open"]
[Site "Guernsey, GCI"]
[Date "2015.10.21"]
[Round "4"]
[White "Collier, David O"]
[Black "Downey, Keith"]
[Result "1/2-1/2"]
[WhiteElo "2037"]
[BlackElo "1869"]
[PlyCount "37"]
[EventDate "2015.10.18"]
[EventType "swiss"]
[EventRounds "7"]

1. d4 Nf6 2. Bg5 e6 3. Nd2 c5 4. e3 Be7 5. c3 d6 6. Bd3 Nbd7 7. Ngf3 Nd5 8.
Bxe7 Qxe7 9. O-O cxd4 10. cxd4 O-O 11. Rc1 N7f6 12. Re1 Bd7 13. e4 Nf4 14. Bf1
Rfc8 15. Rxc8+ Rxc8 16. g3 Ng6 17. Qb3 Be8 18. Re3 h6 19. Rc3 1/2-1/2

[Event "41st Guernsey International Open"]
[Site "Guernsey, GCI"]
[Date "2015.10.21"]
[Round "4"]
[White "Thurlow, Kevin J"]
[Black "Canonne, Antoine"]
[Result "1/2-1/2"]
[WhiteElo "2016"]
[BlackElo "1967"]
[PlyCount "54"]
[EventDate "2015.10.18"]
[EventType "swiss"]
[EventRounds "7"]

1. c4 Nc6 2. Nc3 e5 3. Nf3 f5 4. d4 e4 5. Ng5 Bb4 6. Nh3 Nf6 7. e3 O-O 8. Be2
d6 9. O-O Bxc3 10. bxc3 b6 11. Qa4 Qe8 12. Qb3 Na5 13. Qb4 Ba6 14. Nf4 g5 15.
c5 Bxe2 16. Nxe2 d5 17. Ng3 Qe6 18. a4 Nc4 19. Ra2 Nd7 20. cxb6 axb6 21. Ne2
Rf6 22. f4 g4 23. Kf2 Rh6 24. Rh1 Kf7 25. Ng3 Ra5 26. Nf1 Qd6 27. Nd2 Nxd2
1/2-1/2

[Event "41st Guernsey International Open"]
[Site "Guernsey, GCI"]
[Date "2015.10.21"]
[Round "4"]
[White "Pickersgill, Adrian O"]
[Black "Hickman, John E"]
[Result "0-1"]
[WhiteElo "2016"]
[BlackElo "1924"]
[PlyCount "74"]
[EventDate "2015.10.18"]
[EventType "swiss"]
[EventRounds "7"]

1. e4 e5 2. Nf3 Nc6 3. d4 exd4 4. Bc4 Bc5 5. c3 Nf6 6. e5 d5 7. Bb5 Ne4 8. cxd4
Bb4+ 9. Nbd2 O-O 10. a3 Nxd2 11. Bxd2 Bxd2+ 12. Qxd2 Bg4 13. Be2 f6 14. exf6
Qxf6 15. O-O Rae8 16. Rfe1 Re4 17. Rad1 Rfe8 18. h3 Bh5 19. Kf1 Rf8 20. Qc3 Qe7
21. b4 a6 22. Qc5 Qd7 23. Rd3 Rfe8 24. g4 Bg6 25. Rd2 h5 26. Nh2 Qe6 27. Qc3
Nxd4 28. Rxd4 Rxe2 29. Rxe2 Qxe2+ 30. Kg1 c6 31. Nf3 Be4 32. Ng5 hxg4 33. Nxe4
Rxe4 34. Rxe4 Qxe4 35. hxg4 Qxg4+ 36. Kf1 Qc4+ 37. Qxc4 dxc4 0-1

[Event "41st Guernsey International Open"]
[Site "Guernsey, GCI"]
[Date "2015.10.21"]
[Round "4"]
[White "Campbell, Ian"]
[Black "Kirkwood, Robin"]
[Result "1/2-1/2"]
[WhiteElo "1996"]
[BlackElo "1911"]
[PlyCount "41"]
[EventDate "2015.10.18"]
[EventType "swiss"]
[EventRounds "7"]

1. d4 d6 2. Nf3 Bg4 3. Nbd2 Nd7 4. h3 Bh5 5. c3 e5 6. Qb3 Rb8 7. e3 Ngf6 8. Be2
h6 9. Qd1 e4 10. Ng1 Bxe2 11. Nxe2 d5 12. c4 c6 13. Nc3 Bd6 14. cxd5 cxd5 15.
O-O O-O 16. f3 Re8 17. fxe4 dxe4 18. Nc4 Bg3 19. Ne2 Qc7 20. Nxg3 Qxg3 21. Qe1
1/2-1/2

[Event "41st Guernsey International Open"]
[Site "Guernsey, GCI"]
[Date "2015.10.21"]
[Round "4"]
[White "Von Saldern, Ruediger"]
[Black "Hamperl, Fred"]
[Result "1/2-1/2"]
[WhiteElo "1950"]
[BlackElo "2082"]
[PlyCount "137"]
[EventDate "2015.10.18"]
[EventType "swiss"]
[EventRounds "7"]

1. d4 Nf6 2. Nf3 c5 3. d5 d6 4. c4 e6 5. Nc3 exd5 6. cxd5 g6 7. e4 a6 8. a4 Bg4
9. Be2 Bxf3 10. Bxf3 Bg7 11. O-O O-O 12. Bf4 Qc7 13. Rc1 Nbd7 14. b4 b6 15. a5
Rfe8 16. Na4 Nxe4 17. axb6 Nxb6 18. Nxc5 Nc3 19. Qd2 Nc4 20. Qc2 Rac8 21. Na4
Nb5 22. Qd1 Qe7 23. Qd3 Ne5 24. Bxe5 Bxe5 25. g3 Qg5 26. Rc6 Nd4 27. Rxa6 Rc2
28. Rc6 Nxf3+ 29. Qxf3 Rd2 30. Qe3 Qxe3 31. fxe3 Rxd5 32. Nb6 Rb5 33. Nc4 Rxb4
34. Nxd6 Re7 35. Rc8+ Kg7 36. Ne8+ Kh6 37. Nf6 Bxf6 38. Rxf6 Kg5 39. Rf2 Rb3
40. Re2 f5 41. Kf2 Re4 42. h3 h5 43. Rh8 Re6 44. Kf3 Ra6 45. h4+ Kf6 46. Rd8
Rb1 47. Re8 Raa1 48. Rf2 Re1 49. Re2 Rg1 50. Rg2 Raf1+ 51. Rf2 Re1 52. Rg2 Rh1
53. Re2 Ra1 54. Kg2 Raf1 55. Rf2 Rfg1+ 56. Kf3 Kf7 57. Re5 Kf6 58. Re8 Rh3 59.
Rg2 Ra1 60. Re2 g5 61. hxg5+ Kxg5 62. Rg8+ Kf6 63. e4 h4 64. exf5 Ra3+ 65. Re3
Rxe3+ 66. Kxe3 Kxf5 67. Kf3 Rxg3+ 68. Rxg3 hxg3 69. Kxg3 1/2-1/2

[Event "41st Guernsey International Open"]
[Site "Guernsey, GCI"]
[Date "2015.10.21"]
[Round "4"]
[White "Jackson, Oliver A"]
[Black "Spanton, Timothy R"]
[Result "1/2-1/2"]
[WhiteElo "2077"]
[BlackElo "1928"]
[PlyCount "76"]
[EventDate "2015.10.18"]
[EventType "swiss"]
[EventRounds "7"]

1. e4 e6 2. d4 d5 3. Nc3 Bb4 4. e5 Qd7 5. Nh3 b6 6. Nf4 Ba6 7. Bxa6 Nxa6 8. O-O
O-O-O 9. a4 Kb7 10. Nd3 Ne7 11. Na2 Nc6 12. c3 Be7 13. b4 Nab8 14. a5 b5 15.
Bg5 Na6 16. Bxe7 Nxe7 17. Nac1 Ka8 18. Nb3 Qc8 19. Ndc5 Nxc5 20. Nxc5 a6 21. c4
bxc4 22. Rb1 c6 23. Na4 Ka7 24. Qd2 Qc7 25. Rb2 Rb8 26. Rfb1 Rb5 27. Nc3 Rbb8
28. Na4 h5 29. Qf4 Ng6 30. Qe3 Qe7 31. g3 h4 32. Nb6 hxg3 33. fxg3 Rh5 34. Rf1
Rhh8 35. Rc1 Rhf8 36. Rf1 Rb7 37. Qd2 Kb8 38. Na4 Ka7 1/2-1/2

[Event "41st Guernsey International Open"]
[Site "Guernsey, GCI"]
[Date "2015.10.21"]
[Round "4"]
[White "Vonhoff, Nils"]
[Black "Van Randen, Fred"]
[Result "1-0"]
[WhiteElo "1999"]
[BlackElo "1908"]
[PlyCount "59"]
[EventDate "2015.10.18"]
[EventType "swiss"]
[EventRounds "7"]

1. e4 e5 2. f4 d5 3. exd5 c6 4. dxc6 Nxc6 5. Nc3 exf4 6. Nf3 Nf6 7. Bb5 Bd6 8.
Qe2+ Be6 9. Nd4 O-O 10. Nxe6 fxe6 11. Qxe6+ Kh8 12. Bxc6 bxc6 13. O-O Re8 14.
Qh3 Rb8 15. Kh1 Qa5 16. Qf3 Be5 17. Qxc6 Rbc8 18. Qf3 g5 19. Qf2 Rcd8 20. Rb1
Bd4 21. Qf3 h5 22. d3 Ng4 23. Bd2 Qb6 24. Ne4 Rxe4 25. dxe4 Nf2+ 26. Rxf2 Bxf2
27. Qxh5+ Kg8 28. Qxg5+ Kh7 29. Ba5 Qxb2 30. Qh5+ 1-0

[Event "41st Guernsey International Open"]
[Site "Guernsey, GCI"]
[Date "2015.10.21"]
[Round "4"]
[White "Gravett, Alan D"]
[Black "Maloberti, David"]
[Result "1/2-1/2"]
[WhiteElo "1879"]
[BlackElo "1975"]
[PlyCount "75"]
[EventDate "2015.10.18"]
[EventType "swiss"]
[EventRounds "7"]

1. g3 f5 2. c4 Nf6 3. Nc3 e5 4. d3 Bc5 5. Bg2 O-O 6. e3 d6 7. Nge2 a5 8. O-O c6
9. d4 Bb6 10. dxe5 dxe5 11. b3 Qe7 12. Qc2 Na6 13. a3 Nc5 14. Bb2 Ng4 15. b4
Ne6 16. h3 Nf6 17. b5 Bd7 18. a4 Bc5 19. Rac1 Nh5 20. Nd5 cxd5 21. cxd5 Bd6 22.
dxe6 Bxe6 23. Rfd1 Rac8 24. Qd2 Bb4 25. Nc3 Qf7 26. Bd5 f4 27. Bxe6 Qxe6 28.
Qd5 Qxd5 29. Nxd5 fxg3 30. fxg3 Nxg3 31. Rxc8 Rxc8 32. Bxe5 Nf5 33. Nxb4 axb4
34. e4 Re8 35. exf5 Rxe5 36. Rd4 Rxf5 37. Rxb4 b6 38. Rc4 1/2-1/2

[Event "41st Guernsey International Open"]
[Site "Guernsey, GCI"]
[Date "2015.10.21"]
[Round "4"]
[White "Burton, Ronnie"]
[Black "Van Ginkel, Henk"]
[Result "1/2-1/2"]
[WhiteElo "1972"]
[BlackElo "1906"]
[PlyCount "148"]
[EventDate "2015.10.18"]
[EventType "swiss"]
[EventRounds "7"]

1. c4 Nf6 2. g3 d6 3. Bg2 g6 4. Nc3 Bg7 5. d4 O-O 6. e4 c5 7. Nge2 cxd4 8. Nxd4
a6 9. O-O Bd7 10. h3 Nc6 11. Be3 Rc8 12. b3 Nxd4 13. Bxd4 b5 14. cxb5 axb5 15.
Rc1 b4 16. Bxf6 Bxf6 17. Nd5 Bc3 18. Qd3 Rc5 19. Rfd1 Be6 20. Nxc3 bxc3 21.
Rxc3 Qa5 22. Rxc5 Qxc5 23. Qd4 Qa3 24. Qd2 Rc8 25. Kh2 Rc5 26. Rb1 Rc7 27. Rb2
h5 28. Rc2 Rc5 29. f4 Qa7 30. Qf2 Qa3 31. Rxc5 dxc5 32. f5 Bd7 33. Qc2 Kg7 34.
Bf1 Qa5 35. Bc4 Bc6 36. fxg6 fxg6 37. Qf2 Be8 38. Bd5 Qc3 39. a4 Qb4 40. Bc4
Qc3 41. Kg2 Qa5 42. g4 hxg4 43. hxg4 Qb6 44. g5 Qd6 45. Qb2+ e5 46. Qf2 Qd8 47.
Qf6+ Qxf6 48. gxf6+ Kxf6 49. Bd5 Ke7 50. a5 Bb5 51. Bb7 Kd6 52. Kf3 Kc7 53. Bd5
Kb8 54. Kg4 Ka7 55. Kg5 Ka6 56. Kxg6 Kxa5 57. Kf6 Kb4 58. Kxe5 Bd3 59. Kf4 Bc2
60. e5 Bxb3 61. Bxb3 Kxb3 62. e6 c4 63. e7 c3 64. e8=Q c2 65. Qe6+ Kb2 66. Qb6+
Ka2 67. Qa5+ Kb2 68. Qb4+ Ka2 69. Qc3 Kb1 70. Qd3 Kb2 71. Qd2 Kb1 72. Qb4+ Ka1
73. Qa3+ Kb1 74. Qb3+ Ka1 1/2-1/2

[Event "41st Guernsey International Open"]
[Site "Guernsey, GCI"]
[Date "2015.10.21"]
[Round "4"]
[White "Morcom, Huw"]
[Black "Kershaw, Graham J"]
[Result "1-0"]
[WhiteElo "1966"]
[BlackElo "1900"]
[PlyCount "103"]
[EventDate "2015.10.18"]
[EventType "swiss"]
[EventRounds "7"]

1. e4 e6 2. d4 d5 3. e5 c5 4. c3 Nc6 5. a3 Qb6 6. Nf3 Bd7 7. Be2 Rc8 8. O-O
cxd4 9. cxd4 Nge7 10. Nc3 Nf5 11. Na4 Qd8 12. b4 a5 13. Nc5 Bxc5 14. bxc5 b6
15. Bg5 Qc7 16. g4 Nfe7 17. Rc1 O-O 18. Bd3 Ng6 19. Be3 Rb8 20. h4 Qd8 21. Kg2
f5 22. Bg5 Qe8 23. gxf5 exf5 24. h5 Nge7 25. Rh1 h6 26. Bf4 Be6 27. Qd2 Kh7 28.
Rcg1 bxc5 29. dxc5 Rb7 30. Qc2 Qa8 31. Rb1 Qa7 32. Rxb7 Qxb7 33. Rb1 Qa8 34.
Be3 Rb8 35. Rb6 Qa7 36. Nd4 Qd7 37. Qb1 Rf8 38. Bb5 Rc8 39. Qc2 Qe8 40. Nxe6
Qxh5 41. Bxc6 Qg4+ 42. Kf1 Nxc6 43. Rxc6 Rxc6 44. Nd4 Rxc5 45. Qxf5+ Qxf5 46.
Nxf5 Rc8 47. e6 Rc6 48. e7 Re6 49. Bc5 Kg6 50. Nd4 Re5 51. Bd6 Re4 52. f3 1-0

[Event "41st Guernsey International Open"]
[Site "Guernsey, GCI"]
[Date "2015.10.21"]
[Round "4"]
[White "De Kruif, Kees"]
[Black "Bakker, Joop"]
[Result "1-0"]
[WhiteElo "1954"]
[BlackElo "1899"]
[PlyCount "73"]
[EventDate "2015.10.18"]
[EventType "swiss"]
[EventRounds "7"]

1. c4 g6 2. g3 Bg7 3. Bg2 c5 4. d3 Nc6 5. e4 e6 6. Ne2 Nge7 7. Nbc3 O-O 8. O-O
d6 9. a3 a6 10. Rb1 Rb8 11. b4 cxb4 12. axb4 b5 13. cxb5 axb5 14. Be3 d5 15.
exd5 Nxd5 16. Nxd5 exd5 17. Qd2 Be6 18. Rfc1 Qd7 19. Nf4 Rfc8 20. Nxe6 fxe6 21.
Bh3 Nd4 22. Bxd4 Bxd4 23. Qf4 Bg7 24. Re1 Rb6 25. Re2 Rcc6 26. Rbe1 Qf7 27. Qe3
e5 28. Ra1 Ra6 29. Rxa6 Rxa6 30. Qc5 Ra1+ 31. Kg2 Qb7 32. Be6+ Kh8 33. Bxd5 Qb8
34. Rc2 Bf8 35. Qc6 Qd6 36. Qb7 Qe7 37. Rc7 1-0

[Event "41st Guernsey International Open"]
[Site "Guernsey, GCI"]
[Date "2015.10.21"]
[Round "4"]
[White "Murray, J Stephen"]
[Black "Hardy, Roger"]
[Result "1/2-1/2"]
[WhiteElo "1814"]
[BlackElo "1949"]
[PlyCount "50"]
[EventDate "2015.10.18"]
[EventType "swiss"]
[EventRounds "7"]

1. e4 c6 2. d4 d5 3. exd5 cxd5 4. Bd3 Nc6 5. c3 Qc7 6. Nf3 Bg4 7. Bg5 e6 8.
Nbd2 Bd6 9. O-O Nge7 10. Re1 O-O 11. Qc2 Bf5 12. Bxe7 Nxe7 13. Ne5 Bxe5 14.
dxe5 d4 15. c4 Rac8 16. b3 Bg6 17. Bxg6 Nxg6 18. Qd3 Nxe5 19. Qxd4 Rfd8 20.
Qxe5 Qxe5 21. Rxe5 Rxd2 22. Rb5 Rcd8 23. Kf1 b6 24. Re5 Kf8 25. Re2 Rd1+
1/2-1/2

[Event "41st Guernsey International Open"]
[Site "Guernsey, GCI"]
[Date "2015.10.21"]
[Round "4"]
[White "French, Max"]
[Black "Dijksterhuis, Rolf"]
[Result "1-0"]
[WhiteElo "1824"]
[BlackElo "2006"]
[PlyCount "89"]
[EventDate "2015.10.18"]
[EventType "swiss"]
[EventRounds "7"]

1. d4 d5 2. c4 c6 3. Nc3 Nf6 4. e3 e6 5. Nf3 Nbd7 6. Bd3 dxc4 7. Bxc4 b5 8. Bd3
a6 9. O-O c5 10. Qe2 Bb7 11. Rd1 Qb6 12. a4 c4 13. Bc2 Be7 14. axb5 axb5 15.
Rxa8+ Bxa8 16. b3 Nd5 17. Nxd5 exd5 18. bxc4 dxc4 19. e4 O-O 20. e5 Bd5 21. Ng5
Bxg5 22. Bxg5 Re8 23. Qg4 Qc6 24. Bf5 Nf8 25. Bf6 Ng6 26. Bd7 Be6 27. Qxg6 hxg6
28. Bxc6 Rc8 29. d5 gxf6 30. dxe6 fxe6 31. Bxb5 Rc5 32. Be8 Rxe5 33. Bxg6 f5
34. Kf1 Kg7 35. Bh5 Kf6 36. Rc1 Rc5 37. Be2 c3 38. Bd3 Ke5 39. Ke2 Kd4 40. f4
e5 41. Rd1 exf4 42. Bxf5+ Kc4 43. Bc2 Kb4 44. Rd4+ Ka3 45. Kd3 1-0

[Event "41st Guernsey International Open"]
[Site "Guernsey, GCI"]
[Date "2015.10.21"]
[Round "4"]
[White "Petersons, Ojars"]
[Black "Cummins, John"]
[Result "1-0"]
[WhiteElo "1827"]
[BlackElo "1823"]
[PlyCount "97"]
[EventDate "2015.10.18"]
[EventType "swiss"]
[EventRounds "7"]

1. d4 Nf6 2. Nf3 e6 3. e3 c5 4. Bd3 cxd4 5. exd4 Be7 6. O-O d6 7. c4 Nbd7 8.
Nc3 a6 9. Re1 O-O 10. b3 Rb8 11. Bb2 Re8 12. Rc1 b6 13. Ne4 Bb7 14. Ng3 g6 15.
Bb1 Rc8 16. h3 Ba8 17. Nh2 Bb7 18. Ng4 Nxg4 19. Qxg4 Nf6 20. Qf4 b5 21. d5 e5
22. Qd2 bxc4 23. bxc4 Nd7 24. Qe2 Nc5 25. Qg4 Bg5 26. Rcd1 Kh8 27. f4 Bxf4 28.
Qxf4 f5 29. Qh6 Rc7 30. Bc1 Rf7 31. Bg5 Qb6 32. Kh2 Bc8 33. h4 f4 34. Ne4 Nxe4
35. Bxe4 Bf5 36. Bxf5 Rxf5 37. Rf1 Qe3 38. Rf3 Qe4 39. h5 Rg8 40. Rh3 Rf7 41.
hxg6 Rxg6 42. Qh4 Rfg7 43. Re1 Qf5 44. Bh6 Rxg2+ 45. Kh1 Rg8 46. Qh5 Qc2 47.
Qf7 R2g6 48. Qxh7+ Kxh7 49. Bf8+ 1-0

[Event "41st Guernsey International Open"]
[Site "Guernsey, GCI"]
[Date "2015.10.21"]
[Round "4"]
[White "Plug, Arjan"]
[Black "Ippel, Cornelius J"]
[Result "1-0"]
[WhiteElo "1824"]
[BlackElo "1807"]
[PlyCount "57"]
[EventDate "2015.10.18"]
[EventType "swiss"]
[EventRounds "7"]

1. e4 e6 2. d4 d5 3. Nd2 c5 4. exd5 Qxd5 5. Ngf3 cxd4 6. Bc4 Qd8 7. Qe2 Nf6 8.
O-O Bc5 9. Rd1 Nc6 10. Nb3 Bb6 11. c3 O-O 12. Nbxd4 Nxd4 13. Nxd4 Bxd4 14. Rxd4
Qe7 15. Bg5 h6 16. Bh4 g5 17. Bg3 Rd8 18. Rad1 Rxd4 19. Rxd4 Bd7 20. h4 Bc6 21.
hxg5 hxg5 22. Bd6 Qe8 23. Qe5 Nh7 24. Rg4 Qd8 25. Bd3 f6 26. Qxe6+ Kg7 27. Bxh7
Bd7 28. Rxg5+ Kxh7 29. Qf7+ 1-0

[Event "41st Guernsey International Open"]
[Site "Guernsey, GCI"]
[Date "2015.10.22"]
[Round "5"]
[White "Koop, Thorben"]
[Black "Hebden, Mark"]
[Result "1-0"]
[WhiteElo "2407"]
[BlackElo "2490"]
[PlyCount "63"]
[EventDate "2015.10.18"]
[EventType "swiss"]
[EventRounds "7"]

1. d4 Nf6 2. c4 c5 3. d5 b5 4. cxb5 a6 5. bxa6 g6 6. Nc3 Bxa6 7. Nf3 d6 8. e4
Bxf1 9. Kxf1 Nbd7 10. g3 Bg7 11. Kg2 O-O 12. a4 Qb6 13. Qc2 e6 14. h3 exd5 15.
exd5 Rfb8 16. Ra3 Ne8 17. Nd2 Qa6 18. Rd1 Rb4 19. b3 Ne5 20. Nb5 c4 21. Nxc4
Nxc4 22. bxc4 Rc8 23. c5 Rxc5 24. Qe2 Rc8 25. Re3 Nf6 26. Re7 Qxa4 27. Nxd6 Rc2
28. Qe1 Rd4 29. Rxf7 Rxf2+ 30. Kxf2 Ne4+ 31. Nxe4 Kxf7 32. Ng5+ 1-0

[Event "41st Guernsey International Open"]
[Site "Guernsey, GCI"]
[Date "2015.10.22"]
[Round "5"]
[White "Drenchev, Petar"]
[Black "Petrov, Marian"]
[Result "1/2-1/2"]
[WhiteElo "2465"]
[BlackElo "2462"]
[PlyCount "32"]
[EventDate "2015.10.18"]
[EventType "swiss"]
[EventRounds "7"]

1. d4 d5 2. c4 c6 3. cxd5 cxd5 4. Nc3 Nc6 5. Nf3 Nf6 6. Bf4 Bf5 7. e3 e6 8. Bd3
Bxd3 9. Qxd3 Bd6 10. Bxd6 Qxd6 11. O-O O-O 12. Rfc1 Rfc8 13. a3 Ne7 14. Na4
Rxc1+ 15. Rxc1 Rc8 16. Rxc8+ Nxc8 1/2-1/2

[Event "41st Guernsey International Open"]
[Site "Guernsey, GCI"]
[Date "2015.10.22"]
[Round "5"]
[White "Cherniaev, Alexander"]
[Black "Havenaar, Jan"]
[Result "1/2-1/2"]
[WhiteElo "2458"]
[BlackElo "2016"]
[PlyCount "103"]
[EventDate "2015.10.18"]
[EventType "swiss"]
[EventRounds "7"]

1. d4 g6 2. c4 Bg7 3. Nc3 d6 4. Nf3 Nf6 5. g3 O-O 6. Bg2 Nc6 7. O-O e5 8. d5
Ne7 9. Ne1 Nd7 10. e4 f5 11. Nd3 Nf6 12. Bg5 h6 13. Bxf6 Bxf6 14. exf5 gxf5 15.
Qd2 Kh7 16. Rae1 Ng6 17. f4 exf4 18. Nxf4 Nxf4 19. gxf4 Bd7 20. Kh1 Rf7 21. Nb5
a6 22. Nd4 Bxd4 23. Qxd4 Qh8 24. Qf2 Re8 25. Rc1 Rfe7 26. Bf3 Re3 27. Rg1 R8e7
28. Rg2 Qd4 29. Qg3 Rg7 30. Qxg7+ Qxg7 31. Rxg7+ Kxg7 32. Kg2 Rd3 33. Rc2 c5
34. Kf2 b5 35. cxb5 Bxb5 36. b3 Rd4 37. a4 Bd7 38. Ke3 Rb4 39. Rc3 Kf6 40. Be2
Re4+ 41. Kf3 a5 42. Re3 Rd4 43. Bc4 Kf7 44. Rc3 Ke7 45. Rc1 Kf6 46. Re1 Kf7 47.
Rc1 Kf6 48. Rc3 Be8 49. Rd3 Bh5+ 50. Kg3 Rxd3+ 51. Bxd3 Bd1 52. Bc4 1/2-1/2

[Event "41st Guernsey International Open"]
[Site "Guernsey, GCI"]
[Date "2015.10.22"]
[Round "5"]
[White "Kraft, Karl Heinz"]
[Black "Reijneveld, Ad"]
[Result "1/2-1/2"]
[WhiteElo "2015"]
[BlackElo "2095"]
[PlyCount "43"]
[EventDate "2015.10.18"]
[EventType "swiss"]
[EventRounds "7"]

1. e4 c5 2. c3 g6 3. d4 cxd4 4. cxd4 d5 5. exd5 Nf6 6. Bb5+ Nbd7 7. Nc3 Bg7 8.
d6 exd6 9. Qe2+ Kf8 10. Bg5 h6 11. Bh4 a6 12. Bd3 b5 13. Nf3 Bb7 14. O-O Qb6
15. Rad1 Kg8 16. Bg3 Re8 17. Qc2 Nf8 18. Qb3 Ne6 19. Qb4 Bf8 20. d5 Nc5 21. Qd4
Ncd7 22. Qb4 1/2-1/2

[Event "41st Guernsey International Open"]
[Site "Guernsey, GCI"]
[Date "2015.10.22"]
[Round "5"]
[White "Oehne, Timo"]
[Black "Wager, John D"]
[Result "1-0"]
[WhiteElo "2010"]
[BlackElo "2029"]
[PlyCount "53"]
[EventDate "2015.10.18"]
[EventType "swiss"]
[EventRounds "7"]

1. e4 d5 2. exd5 Nf6 3. Nf3 Nxd5 4. d4 g6 5. Be2 Bg7 6. O-O O-O 7. h3 Nd7 8.
Re1 c6 9. c4 N5f6 10. Nc3 Nb6 11. Na4 Nxa4 12. Qxa4 Qc7 13. Bf1 Bf5 14. Qa3
Rfe8 15. Be3 h6 16. Red1 b6 17. b4 a5 18. bxa5 Rxa5 19. Qc1 h5 20. Bf4 Qb7 21.
Be5 Rea8 22. Nh4 Be6 23. Qb2 Qa6 24. d5 Bd7 25. c5 b5 26. d6 Kf8 27. dxe7+ 1-0

[Event "41st Guernsey International Open"]
[Site "Guernsey, GCI"]
[Date "2015.10.22"]
[Round "5"]
[White "Godard, Maxence"]
[Black "Rosen, Daniel B"]
[Result "1-0"]
[WhiteElo "2327"]
[BlackElo "2063"]
[PlyCount "75"]
[EventDate "2015.10.18"]
[EventType "swiss"]
[EventRounds "7"]

1. d4 f5 2. Bg5 g6 3. Nc3 d5 4. e3 Be6 5. Nf3 Nd7 6. a4 Ngf6 7. a5 a6 8. Be2
Bg7 9. Na4 Bf7 10. Bf4 O-O 11. O-O Re8 12. Ne5 e6 13. c4 dxc4 14. Bxc4 b5 15.
axb6 cxb6 16. Bb3 b5 17. Nc5 Nxc5 18. dxc5 Qc8 19. Rc1 Rd8 20. Qe2 Ne4 21. Rfd1
Rxd1+ 22. Qxd1 g5 23. Bg3 Ra7 24. c6 Nxg3 25. Nxf7 Kxf7 26. hxg3 Bxb2 27. Qh5+
Kf8 28. Qh6+ Ke8 29. Bxe6 Qd8 30. Qh5+ Kf8 31. Rd1 Qf6 32. Bd7 Be5 33. Qe8+ Kg7
34. Rd5 Bc7 35. Rxf5 Qd8 36. Rf7+ Kh6 37. Qe6+ Kh5 38. Rxh7# 1-0

[Event "41st Guernsey International Open"]
[Site "Guernsey, GCI"]
[Date "2015.10.22"]
[Round "5"]
[White "Purdon, Colin"]
[Black "Corkett, Anthony R"]
[Result "1/2-1/2"]
[WhiteElo "2042"]
[BlackElo "2306"]
[PlyCount "113"]
[EventDate "2015.10.18"]
[EventType "swiss"]
[EventRounds "7"]

1. d4 Nf6 2. c4 c5 3. d5 b5 4. Nf3 g6 5. cxb5 a6 6. b6 d6 7. Nc3 Bg7 8. e4 Qxb6
9. Be2 O-O 10. O-O Nbd7 11. a4 Rb8 12. Nd2 Qc7 13. Nc4 Rb4 14. a5 Ne8 15. Kh1
Ne5 16. Nb6 Nd7 17. Nxc8 Qxc8 18. Ra4 Rb8 19. Ra2 Nc7 20. Bg5 Re8 21. f4 Rb4
22. Bg4 Qd8 23. Bxd7 Qxd7 24. Qf3 h6 25. Bh4 Nb5 26. Be1 Rb3 27. Qd1 Nd4 28.
Na4 Re3 29. Nc3 Nb5 30. Qa4 Rd8 31. Qc4 f5 32. exf5 Bxc3 33. Bxc3 Qxf5 34. Raa1
Re4 35. Qd3 Rf8 36. g4 Rd4 37. Qxd4 cxd4 38. gxf5 dxc3 39. bxc3 Nxc3 40. fxg6
Nxd5 41. f5 Ne3 42. Rf3 Nxf5 43. Rb1 Kg7 44. Rb6 Kxg6 45. Rxa6 Rc8 46. Kg1 e5
47. Rxf5 Kxf5 48. Rxd6 Rc1+ 49. Kg2 Rc2+ 50. Kg3 Ra2 51. Rxh6 Rxa5 52. Rh8 Ra3+
53. Kf2 Ke4 54. Rh4+ Kd5 55. Ke2 Rb3 56. Kd2 e4 57. Rh8 1/2-1/2

[Event "41st Guernsey International Open"]
[Site "Guernsey, GCI"]
[Date "2015.10.22"]
[Round "5"]
[White "Upton, Ian J"]
[Black "Hewson, Brian WR"]
[Result "1/2-1/2"]
[WhiteElo "2255"]
[BlackElo "2059"]
[PlyCount "50"]
[EventDate "2015.10.18"]
[EventType "swiss"]
[EventRounds "7"]

1. d4 d5 2. c4 c6 3. Nf3 Nf6 4. e3 Bf5 5. Nc3 e6 6. Nh4 Bg4 7. Qb3 Qb6 8. h3
Bh5 9. g4 Bg6 10. Nxg6 hxg6 11. Bg2 Na6 12. Qxb6 axb6 13. cxd5 exd5 14. g5 Nd7
15. Bd2 Be7 16. h4 b5 17. O-O-O Nc7 18. Kb1 Nb6 19. b3 b4 20. Ne2 Nb5 21. Bf3
Kd7 22. h5 gxh5 23. Rxh5 g6 24. Rxh8 Rxh8 25. Rh1 Rxh1+ 1/2-1/2

[Event "41st Guernsey International Open"]
[Site "Guernsey, GCI"]
[Date "2015.10.22"]
[Round "5"]
[White "Fruteau, Sabine"]
[Black "Mack, Wolfgang"]
[Result "1/2-1/2"]
[WhiteElo "2037"]
[BlackElo "2223"]
[PlyCount "68"]
[EventDate "2015.10.18"]
[EventType "swiss"]
[EventRounds "7"]

1. e4 g6 2. d4 Bg7 3. f4 c5 4. Nf3 cxd4 5. Nxd4 Nc6 6. Nxc6 bxc6 7. c3 d6 8.
Bd3 Nf6 9. O-O O-O 10. Qe2 a5 11. Nd2 Ba6 12. Bxa6 Qb6+ 13. Kh1 Qxa6 14. c4 a4
15. Rb1 Rab8 16. b4 axb3 17. axb3 Rb7 18. Bb2 Rfb8 19. e5 Ne8 20. Bc3 Qb6 21.
Qf3 e6 22. exd6 Nxd6 23. Bxg7 Kxg7 24. Qc3+ Kg8 25. b4 Nf5 26. b5 cxb5 27. Rxb5
Qd4 28. Qxd4 Nxd4 29. Rxb7 Rxb7 30. Rb1 Rxb1+ 31. Nxb1 Kf8 32. g3 Ke7 33. Kg2
Kd6 34. Nd2 f5 1/2-1/2

[Event "41st Guernsey International Open"]
[Site "Guernsey, GCI"]
[Date "2015.10.22"]
[Round "5"]
[White "Broek, Thomas"]
[Black "Fassaert, Desire JM"]
[Result "1/2-1/2"]
[WhiteElo "2205"]
[BlackElo "1912"]
[PlyCount "58"]
[EventDate "2015.10.18"]
[EventType "swiss"]
[EventRounds "7"]

1. e4 c6 2. d4 d5 3. Nd2 dxe4 4. Nxe4 Nd7 5. Bc4 Ngf6 6. Ng5 e6 7. Qe2 Nb6 8.
Bd3 h6 9. N5f3 c5 10. dxc5 Bxc5 11. Nh3 Qc7 12. O-O O-O 13. Bd2 Bd6 14. c4 Nbd7
15. b4 b6 16. Rac1 Bb7 17. Rfe1 Rfd8 18. Bc3 Rac8 19. Bc2 a5 20. Nd4 Qxc4 21.
Qxc4 Rxc4 22. Bb3 Rxc3 23. Rxc3 Bxb4 24. Nxe6 Bxc3 25. Nxd8 Bxe1 26. Nxb7 Nc5
27. Nxc5 bxc5 28. Kf1 Bc3 29. Ng1 Ne4 1/2-1/2